Statistics for Los Angeles... or New York City?

Click here to take the quiz!

General Stats

  • This quiz has been taken 741 times
    (249 since last reset)
  • The average score is 11 of 15

Answer Stats

QuestionAnswer% Correct
Has hosted the Olympic GamesLos Angeles
91%
Was settled by the European colonizers firstNew York City
89%
Where John Lennon was killedNew York City
87%
Is located closer to its state's capitalNew York City
85%
Its modern-day name was NOT included in its original nameNew York City
81%
Where MLB's Dodgers call homeLos Angeles
80%
Is located closer to St. Louis as the crow fliesNew York City
78%
Has a higher average elevation than the otherLos Angeles
76%
Where Rodney King was beaten by the police in 1991Los Angeles
76%
Setting of the movie "Chinatown"Los Angeles
58%
Non-Hispanic whites are the largest proportion of the populationNew York City
58%
Its last three mayors where all DemocratsLos Angeles
52%
Has a busier container portLos Angeles
52%
Home to the world's fourth-busiest airportLos Angeles
50%
Lost the greatest number of people via domestic migration between 2010–2020New York City
46%

Score Distribution

Percentile by Number Answered

Percent of People with Each Score

Your Score History

You have not taken this quiz since the last reset